000 00499nam a22001697a 4500
005 20240904144704.0
008 240904b |||||||| |||| 00| 0 eng d
022 _a02577747
041 _aEnglish/Afrikaans
082 _a349 TYD
100 _lEnglish/Afrikaans
245 _aTydskrif vir die Suid-Afrikaanse Reg 2024
260 _aCape Town:
_bJuta and Company Ltd,
_c2024
300 _b399 pages;
_c25 cm.
650 _aLegal practice
_bLaw
942 _cBK
_6ALISON_BN_VRIES
999 _c3015
_d3015